Cessioni più costose - Manchester United - Statistics

Statistiche generali
  • Questo quiz è stato fatto 26 volte
  • Il punteggio medio è 11 su 21
Statistiche sulle risposte
Costo (M €) A Nazione Anno Calciatore % Corretto
94 Real Madrid Portogallo 2009 Cristiano Ronaldo
100%
74 Inter Belgio 2019 Romelu Lukaku
100%
63 Paris Saint-Germain Argentina 2015 Ángel Di María
96%
37,50 Real Madrid Inghilterra 2003 David Beckham
88%
34 Arsenal Armenia 2018 Henrix Mxit'aryan
85%
15 Roma Inghilterra 2020 Chris Smalling
73%
25,75 Lazio Paesi Bassi 2001 Jaap Stam
69%
16 Ajax Paesi Bassi 2018 Daley Blind
58%
29,10 Leeds Utd Galles 2021 Daniel James
58%
12 Bayer Leverkusen Messico 2015 Javier Hernández
58%
10 Villarreal Italia 2007 Giuseppe Rossi
46%
16 Olympique Lione Paesi Bassi 2017 Memphis Depay
46%
15 Real Madrid Paesi Bassi 2006 Ruud van Nistelrooy
42%
21,80 Chelsea Argentina 2003 Juan Sebastián Verón
38%
10,50 Inter Inghilterra 1995 Paul Ince
27%
23 Everton Francia 2017 Morgan Schneiderlin
23%
9,5 Fulham Belgio/Brasile 2022 Andreas Pereira
15%
12,20 Blackburn Inghilterra 2002 Andy Cole
15%
12 Real Madrid Argentina 2007 Gabriel Heinze
12%
20 Arsenal Inghilterra 2014 Danny Welback
4%
9,5 CSKA Mosca Serbia 2010 Zoran Tošić
0%
Nessun quiz corrispondente trovato
Distribuzione punteggi
Percentuale di utenti per punteggio
Percentile per numero di risposta
I tuoi punteggi nel tempo
Non hai fatto questo quiz